000 01200cam a22002894a 4500
005 20160613120728.0
008 160613s2005 ck a fr 001 0 spa d
010 _a2005428993
020 _a9588258030
040 _aCO-BoUCM
_bspa
_cSandra Palacio
_dSandra Palacio
041 0 _aspa
100 1 _aOrejuela Díaz, Libardo
_966329
245 1 0 _aLista en mano
_bde las listas negras a la lista Clinton
_cLibardo Orejuela Díaz ; prólogo y entrevistas, Jotamario Arbeláez
260 _aBogotá (Colombia)
_bEdiciones SEM
_c2005
300 _a167 páginas
_bilustraciones
500 _a"Este libro está avalado por el Comité Permanente por la Defensa de los Derechos Humanos."
500 _aIncluye índice
650 7 1 _aDerechos humanos
_97499
650 7 _aPersecuciones
_921391
_xHistoria
650 7 2 _aPersecuciones a los judíos
_921388
_xHistoria
650 7 2 _aPersecuciones religiosas
_921391
_xHistoria
690 _aDerechos humanos
_97499
700 1 _aArbeláez, Jotamario
_eprólogo
_977723
710 2 _aComité Permanente por la Defensa de los Derechos Humanos (Colombia)
_977722
942 _2DEWEY
_cLIBRO
_a6
_e1
_h323.044
_mO668lm
999 _c303500
_d303500